000 00305nam a22001337a 4500
008 171030b xxu||||| |||| 00| 0 eng d
020 _a0201101637
041 _aeng
080 _a33
100 _a58
101 _aBUS
245 _aAN INTRODUCTION BUSINESS FORECASTING
_cBOWERS.D.A
942 _2udc
_cBK
999 _c36574
_d36574